Los diez compromisos del éxito / (Registro nro. 29750)
[ vista simple ]
| 000 -LEADER | |
|---|---|
| fixed length control field | 01304nam a22003137a 4500 |
| 003 - CONTROL NUMBER IDENTIFIER | |
| control field | OSt |
| 005 - DATE AND TIME OF LATEST TRANSACTION | |
| control field | 20220913164349.0 |
| 008 - FIXED-LENGTH DATA ELEMENTS--GENERAL INFORMATION | |
| fixed length control field | 220913t2007 mx a|||gr|||| 00| 0dspa d |
| 020 ## - INTERNATIONAL STANDARD BOOK NUMBER | |
| International Standard Book Number | 9789584220448 |
| 040 ## - CATALOGING SOURCE | |
| Original cataloging agency | CO-JMCR |
| Transcribing agency | CO-JMCR |
| 041 1# - LANGUAGE CODE | |
| Language code of text/sound track or separate title | spa |
| Language code of original | eng |
| 082 04 - DEWEY DECIMAL CLASSIFICATION NUMBER | |
| Classification number | 158.1 / |
| Item number | M312d |
| Edition number | 21 |
| 100 1# - MAIN ENTRY--PERSONAL NAME | |
| Personal name | Mandino, Og, |
| Relator term | autor |
| 9 (RLIN) | 11615 |
| 245 14 - TITLE STATEMENT | |
| Title | Los diez compromisos del éxito / |
| Statement of responsibility, etc. | Og Mandino ; traducción Guadalupe Meza Staines de Gárate ; ilustraciones J. David Chávez H. |
| 260 ## - PUBLICATION, DISTRIBUTION, ETC. | |
| Place of publication, distribution, etc. | Bogotá : |
| Name of publisher, distributor, etc. | Diana, |
| Date of publication, distribution, etc. | ©2007 |
| 300 ## - PHYSICAL DESCRIPTION | |
| Extent | 118 páginas : |
| Other physical details | ilustraciones a blanco y negro ; |
| Dimensions | 22 cm. |
| 490 0# - SERIES STATEMENT | |
| Series statement | Nueva colección |
| 500 ## - GENERAL NOTE | |
| General note | Incluye datos biográficos del autor. <br/>Título original: Ten Vows of success |
| 520 3# - SUMMARY, ETC. | |
| Summary, etc. | Una de las mayores alegrías en la vida es sentirnos satisfechos con lo que hacemos; para lograrlo, Og Mandino creó una fórmula infalible que le ayudará a comprometerse y tener éxito. |
| 546 ## - LANGUAGE NOTE | |
| Language note | Traducido del inglés. |
| 650 14 - SUBJECT ADDED ENTRY--TOPICAL TERM | |
| Topical term or geographic name entry element | Autorrealización (Psicología) |
| 9 (RLIN) | 14174 |
| 650 24 - SUBJECT ADDED ENTRY--TOPICAL TERM | |
| Topical term or geographic name entry element | Autoestima |
| 9 (RLIN) | 895 |
| 650 24 - SUBJECT ADDED ENTRY--TOPICAL TERM | |
| Topical term or geographic name entry element | Éxito |
| 9 (RLIN) | 11396 |
| 650 24 - SUBJECT ADDED ENTRY--TOPICAL TERM | |
| Topical term or geographic name entry element | Aptitudes |
| 9 (RLIN) | 42369 |
| 650 24 - SUBJECT ADDED ENTRY--TOPICAL TERM | |
| Topical term or geographic name entry element | Conducta (Ética) |
| 9 (RLIN) | 11562 |
| 700 1# - ADDED ENTRY--PERSONAL NAME | |
| Personal name | Staines de Gárate, Guadalupe Meza, |
| Relator term | traductora |
| 9 (RLIN) | 42370 |
| 700 1# - ADDED ENTRY--PERSONAL NAME | |
| Personal name | Chávez H., J. David, |
| Relator term | ilustrador |
| 9 (RLIN) | 42371 |
| 942 ## - ADDED ENTRY ELEMENTS (KOHA) | |
| Source of classification or shelving scheme | Dewey Decimal Classification |
| Koha item type | Books |
| Withdrawn status | Lost status | Source of classification or shelving scheme | Damaged status | Not for loan | Collection code | Home library | Current library | Shelving location | Date acquired | Source of acquisition | Total Checkouts | Total Renewals | Full call number | Barcode | Date last seen | Date last checked out | Copy number | Price effective from | Koha item type | Public note |
|---|---|---|---|---|---|---|---|---|---|---|---|---|---|---|---|---|---|---|---|---|
| Dewey Decimal Classification | Non-fiction | Biblioteca Pública José María del Castillo y Rada | Biblioteca Pública José María del Castillo y Rada | Processing Center | 02/24/2022 | Donación | 10 | 8 | 158.1 / M312d | 201811163 | 04/30/2025 | 04/29/2025 | Ej.1 | 09/13/2022 | Books | Marcas leves de oxidacion en el papel. |